Merantau ke Deli

Bibliographic Details
Main Author: Hamka, prof. Dr
Format: Book
Published: Kuala Lumpur : Crescent News (K.L) , 2004
Subjects:

MARC

LEADER 00000cam a2200000 7i4500
001 0000013215
005 20080128.0
008 080108
020 |a 9839422421 
090 0 0 |a HAM   |b MAL 
100 0 |a Hamka, prof. Dr. 
245 1 0 |a Merantau ke Deli   |c Prof. Dr. Hamka 
260 |a Kuala Lumpur :   |b Crescent News (K.L) ,   |c 2004 
650 0 |a Indonesia fiction 
999 |a 0000941676   |b Book   |c Adult Collection   |e Cawangan Taman Sri Lambak 
999 |a 0000941677   |b Book   |c Adult Collection   |e Cawangan Taman Sri Lambak 
999 |a 0001009755   |b Book   |c Adult Collection   |e Perbadanan Perpustakaan Awam Johor 
999 |a 0001009756   |b Book   |c Adult Collection   |e Perbadanan Perpustakaan Awam Johor